Making simple musical instruments

Bibliographic Details
Main Author: Hopkin, Bart
Format: Book
Published: Asheville : Lark Books , 1995
Subjects:

MARC

LEADER 00000cam a2200000 7i4500
001 0000007533
002 000008093
005 20000330.0
020 |a 0937274801 
090 0 0 |a 784.1923   |b HOP 
100 1 |a Hopkin, Bart 
245 1 0 |a Making simple musical instruments   |c Bart Hopkin 
260 |a Asheville :   |b Lark Books ,   |c 1995 
300 |a 144p. :   |b ill. ;   |c 26cm. 
650 0 0 |a Musical instruments   |x Construction 
999 |a 051993   |b BUKU   |c PINJAMAN   |e PERPUSTAKAAN KOMUNITI PETALING JAYA